[Event "BL 1995/96"]
[Site "GER"]
[Date "1996.??.??"]
[Round "?"]
[White "Nunn, J."]
[Black "Shirov, Alexei"]
[Result "0-1"]
[WhiteElo "2605"]
[BlackElo "2690"]
[Annotator "NN"]
[PlyCount "78"]
[EventDate "1996.??.??"]
[SourceDate "2003.04.06"]

1. e4 g6 2. d4 Bg7 3. Nc3 c6 4. Bc4 d6 5. Qf3 e6 6. Nge2 b5 7. Bb3 a5 8. a3 Ba6
{Despite my terrible loss against Judit Polgar in the Donner memorial
(Amsterdam 1995) I still employ this setup. It's hard to believe that with
such a bishop on b3 White should get the advantage.} 9. O-O {Judit played} (9.
d5 {and after} 9... cxd5 10. exd5 e5 11. Ne4 Qc7 12. c4 bxc4 13. Ba4+ Nd7 14.
N2c3 Ke7 $2 15. Nxd6 $1 {I got crashed with the incredible speed. Of course,
this time I hoped to improve somewhere but Nunn decided not to test my
preparation.}) 9... Nd7 10. Bf4 Qe7 11. Rad1 (11. e5 $5 d5 12. Qe3 {was quite i
nteresting as it would create some difficulties for Black to develop.}) 11...
e5 12. Bg5 (12. dxe5 {would be answered by} 12... Nxe5 $1 {
with the unclear game.}) 12... Ngf6 13. d5 $6 {
A very dubios plan but I don't know what to recommend White.} 13... c5 14. a4
b4 15. Nb5 Nb6 $5 {As usual I am being quite ambitios. I saw that simple} (
15... Bxb5 16. axb5 Nb6 {would be very good but I wasn't sure that I would
establish a clear advantage after} 17. Qd3 $1 $15 {with the idea to answer}
17... a4 {with} 18. Bc4 {. The text might objectively be even better but still
it's not as strong as it seems. After White finds a few very good moves (most
of which I of course hadn't seen) the game becomes rather sharp and
complicated.}) 16. Qd3 $1 c4 $1 17. Bxc4 Nxa4 18. Ra1 $1 {This I overlooked.} (
18. Rb1 Nc5 19. Bxf6 Bxf6 20. Qf3 O-O 21. Ra1 Rfc8 $1 22. c3 Qd8 $1 $17 {
would be more according to my plan.}) 18... Nxb2 19. Qb3 Nxc4 20. Qxc4 Rc8 21.
Qd3 Qd8 22. c4 $1 O-O $5 {
I was not at all sure about the position arising after} (22... bxc3 23. Nexc3
Rxc3 (23... O-O 24. Rfb1 $44) 24. Qxc3 Bxb5 25. Bxf6 Bxf6 26. Rfb1 Bd7 27. Rxa5
O-O 28. Ra7 $1 {#. Black has a clear material advantage but his pieces don't
feel extremely comfortable. Meantime White's activity yields him very good
drawing chances.}) 23. Ra2 $1 {Another surprise. Here I realised that if I
choose now a 'normal' continuation, White would soon get full compensation for
the pawn. But then I saw a rook sacrifise. It was difficult to convince myself
to do it - just couple of moves ago I thought I had had a clear advantage and
now I have to take such risks! Some minutes of doubts and I decided let it be.
It's simply the best way.} 23... Rxc4 $3 {Variations like} (23... Bxb5 24. cxb5
Ra8 25. Rfa1 {would just demonstrate White's positional power. But now Black's
pawn are going to be really atrong.}) 24. Bxf6 (24. Qxc4 Qb6 {
would finally lead to the same thing.}) 24... Bxf6 25. Qxc4 Qb6 26. Qc7 Qxb5
27. Qxd6 Kg7 (27... Bd8 $5 {would probably also keep Black's advantage and be
less concrete. The text leads to positions where such a small thing as White's
pawn on h2 and not on h3 will sometimes become a decisive factor.}) 28. Rc1 $1
{Unprotected first rank leads to White's loss in the line} (28. Rfa1 $6 b3 $1
29. Rxa5 $140 $2 b2 30. Qxa6 b1=Q+ $19) 28... Rd8 $1 29. Qc6 (29. Qc5 b3 30.
Rb2 a4 {looks clearly in Black's favour since the queen's exchange -} 31. Qxb5
Bxb5 32. Ra1 Rc8 {is catastrophic for White.}) 29... b3 $1 {Not} (29... a4 $2 {
since in the endgame arising after} 30. Rxa4 Qxc6 31. dxc6 Bxe2 32. c7 Rc8 33.
Rxb4 {only White has chances to win.}) 30. Rb2 {# Here I got a feeling of
horror as if something was completely misplayed. But it was definitely my day
since I quickly found a move that justified all my previous play.} 30... Qd3 $3
{But not} (30... a4 $2 {that would fail to} 31. Nc3 Qxc6 32. dxc6 $16 {
.Now White's pieces are out of coordination, his back rank is still a shame on
him and 31...Rc8 is threatening.}) 31. Rcb1 $2 {
Being short of time Nunn loses immediately. He had to try} (31. Rxb3 $1 {
and it's not sure that in the game I would respond correctly. My home analysis
convinced me that 31...Qxe2 would give White good practical drawing chances
while 31...Qxb3! should maintain Black's edge intact. Here are the variations:
} 31... Qxb3 $1 (31... Qxe2 32. Rf3 Be7 (32... Bg5 $2 33. Qc7 Rf8 34. Qxe5+ f6
35. Rc7+ Kh8 36. h4 Qd1+ 37. Kh2 Qxf3 38. Rxh7+ Kxh7 39. Qc7+ Kg8 40. gxf3 $16)
33. Qc7 Qb2 34. Re1 $1 (34. h4 Rf8 (34... Rd7 $2 35. Qxd7 Qxc1+ 36. Kh2 Qc5 37.
Qe8 $44 (37. h5 $5 $44)) 35. Rcc3 (35. Rc6 Bd8 36. Qd6 Bb7 37. Rc4 Bxh4 38. Rc7
Bc8 $19) 35... Bxh4 36. Qxe5+ Kg8 $19) (34. h3 Rd7 35. Qxd7 Qxc1+ 36. Kh2 Qc5
37. Qe8 Bf6 $19) (34. Rd1 $2 Re8 $19) 34... Re8 35. Qxa5 Bb5 $15 36. Qa1 $140
Qd4 $1) 32. Qxa6 a4 (32... Bg5 33. Qc4 $1 $15) 33. Ng3 $1 Be7 $1 (33... a3 34.
Rc7 (34. Nf1 $2 Be7 35. Rc7 Bd6 36. Rb7 Qc2 37. Qa7 Rf8 $19) 34... a2 35. Ra7
Qb1+ 36. Nf1 Qxe4 37. Qxa2 Qxd5 $15) 34. Rc7 (34. Qa7 Bd6 35. Qa5 Rb8 $17 36.
Qa6 $140 Rb6) 34... Bd6 35. Rb7 Qd1+ $1 (35... Qc2 36. Qb6 $3 Bc5 37. Rxf7+ $1
Kxf7 38. Qe6+ Kf8 (38... Kg7 39. Qxe5+ $10) 39. Qf6+ Ke8 40. Qe6+ Be7 41. Qg8+
Kd7 (41... Bf8 42. Qe6+ $10) 42. Qe6+ Kc7 43. Qxe7+ $10) 36. Nf1 Qd4 $1 $17 {
In this position Black should definitely win due to his a-pawn but it still
requires a good technik.} (36... a3 37. Qb6 $1 Rb8 (37... a2 $2 38. Qa7 $1 $16)
38. Rxb8 Bxb8 39. Qxb8 a2 40. Qxe5+ Kh6 41. Qf4+ $10)) 31... Rc8 {
The rest is easy to understand.} 32. Qa4 (32. Qd6 a4 $19) 32... Rc2 $19 33.
Rxb3 Qxe2 34. Rf3 Bd3 35. Qd7 Bxe4 36. Rxf6 Kxf6 37. Qd6+ Kf5 38. Rf1 Bd3 39.
Qd7+ Kf6 {White resigns. If my analysis is correct then it's one of my best
games so far. The complications starting with 15...Nb6!? went in right
direction.} 0-1

[Event "BL 1995/96"]
[Site "GER"]
[Date "1996.??.??"]
[Round "?"]
[White "Van der Sterren, P."]
[Black "Shirov, Alexei"]
[Result "0-1"]
[WhiteElo "2535"]
[BlackElo "2690"]
[Annotator "NN"]
[PlyCount "56"]
[EventDate "1996.??.??"]
[SourceDate "2003.04.06"]

1. d4 d5 2. c4 c6 3. Nc3 Nf6 4. Nf3 e6 5. e3 {Normally Paul doesn't mind
playing 5.Bg5 but perhaps he didn't wish to enter the Botvinnik variation
playing at nine A.M.} 5... Nbd7 6. Bd3 dxc4 7. Bxc4 b5 8. Bd3 a6 {
Switching from my usual 8...Bb7} 9. e4 c5 10. e5 cxd4 11. Nxb5 axb5 12. exf6
gxf6 13. O-O Qb6 14. Be4 {Nowadays} (14. Qe2 {
is considered to be more critical.}) 14... Bb7 15. Bxb7 Qxb7 16. Nxd4 Rg8 17.
f3 Bc5 $5 {In some way this move is a novelty although it finally leads to the
known thing. The other move order would be} (17... Ne5 18. Qe2 (18. Nb3 {
doesn't seem promising in view of} 18... Rd8 19. Qe2 Qd5 20. Be3 $6 Qc4 21.
Qxc4 Nxc4 22. Bc1 f5 $15 {Levin,F-Yasinsky,V/Novgorod op (06) 1995 (31)}) 18...
Bc5 19. Be3 {(Kamsky-Kramnik, Linares 1994)}) 18. Be3 Ne5 19. Qe2 Qb6 $5 {
But now really a new and agressive try. The above-mentioned game went} (19...
Rd8 {Shirov   Kamsky,G-Kramnik,V/Linares (13) 1994}) 20. Rfd1 {
This allows Black to keep on risking.} (20. Nc2 Ke7 {would be just equal})
20... Ra4 $5 {'Normal'} (20... Rd8 21. Nc2 Bxe3+ 22. Nxe3 Nc4 23. Rxd8+ Kxd8
$10 {looked too boring to me.}) 21. Nc2 {
During the game I was slightly afraid of the pawn sacrifice-} (21. Rac1 $5 Nc4
(21... Rc4 $5 22. Rxc4 bxc4 {with equality may be a safer way}) 22. Bf2 Rxa2
23. Rc2 {but now it seems to me that after} 23... Rg5 (23... e5 24. Kh1 {
offers White an excellent compensation for the pawn}) 24. b4 $5 {
( the idea I was afraid of)} 24... Rxc2 25. Qxc2 Bxb4 26. Qxh7 Rd5 {
Black has a good game.}) 21... Rh4 $5 {# Continuing with the same strategy.}
22. Qf2 $1 {I almost disregarded this move in my calculations thinking that it
would lose the way it actually happened in the game. But in reality it is even
stronger than} (22. Kh1 {which I thought was what White should do. But then
Black has a nice rook sacrifice i.e.} 22... Qb8 $1 (22... Nc4 {Shirov} 23. Bxc5
Qxc5 24. b3 Nd6 (24... Qc7 25. g3 Rxg3 (25... Qxg3 26. Rg1 Rxh2+ 27. Qxh2 Qxf3+
28. Rg2 Rxg2 29. Qxg2 Qh5+ 30. Kg1 Qc5+ 31. Qf2 Qg5+ 32. Kf1 $18) 26. bxc4 Rxf3
(26... Rgh3 27. Rd2) 27. Rd4 $18) (24... Rg3 25. Qe1 Qg5 26. Qf2 Ne5 27. Nd4
$16) (24... Ne5 25. Rac1 Qc7 26. h3 $16) (24... Qe5 25. Qxe5 Nxe5 26. Nd4 $16)
25. Qd2 Qe5 26. h3 $16 Qg3 $140 27. Ne3) 23. h3 (23. g3 $2 {loses to} 23...
Rxg3 24. Bxc5 Nxf3 25. Bd6 Nxh2 $1 $19 {and}) (23. Bxc5 Rxh2+ 24. Kg1 Rhxg2+
25. Qxg2 Nxf3+ 26. Kf2 Rxg2+ 27. Kxg2 Nh4+ {also seems in Black's favour})
23... Bxe3 {(but not} (23... Qb7 24. Bxc5 Nxf3 25. Ne3 Rxh3+ 26. gxh3 Ng1+ 27.
Qg2 Rxg2 28. Nxg2 Nxh3 29. Rd2 $18) 24. Nxe3 Rg3 $1 25. Nf1 (25. Qf2 Nxf3 26.
Nf1 {is the same}) 25... Nxf3 26. Qf2 (26. Nxg3 $2 Qxg3 $17) 26... Rhxh3+ 27.
gxh3 Rxh3+ (27... Rg1+ $2 28. Qxg1 Nxg1 29. Kxg1 Qb6+ 30. Kg2 Qb7+ 31. Kf2 Qb6+
32. Ke1 $16) 28. Kg2 Ng5 29. Qd4 Qb7+ 30. Kf2 Qf3+ 31. Ke1 Kf8 $1 {
maintaining very good attacking chances despite material losses}) 22... Qc7 $5
{Straight for the White king!} (22... Rc4 23. Kh1 $14 {
would be a kind of resignation of the previous play.}) 23. Bxc5 $1 {
This should yield White a little more than} (23. f4 {
that would lead to a forced draw after} 23... Rxh2 24. fxe5 Qxe5 25. Bxc5 Qh5
26. g3 Rh1+ 27. Kg2 Qh3+ 28. Kf3 Qf5+ (28... Qg4+ 29. Ke3 Rxd1 30. Rxd1 Qxd1
31. Qg2 $10) 29. Ke2 (29. Ke3 $2 Qxc5+ 30. Nd4 Qe5+ 31. Kd2 Rg4 $1 $19) 29...
Qxc2+ 30. Kf3 Qf5+ 31. Ke2 $10) 23... Nxf3+ 24. Kf1 $4 {
Now Black succeeds in everything. Both players missed that after} (24. Qxf3
Qxh2+ 25. Kf1 Rf4 26. Qxf4 Qxf4+ 27. Bf2 {Black can not take the knight with
27...Qc4+ 28.Kg1 Qxc2? because of 29.Rac1+-, so he should continue} 27... Rg5 {
with the idea} (27... Qc4+ $2 28. Kg1 Qxc2 $4 29. Rac1 Rxg2+ $8 30. Kxg2 Qxb2
31. Rc8+ Ke7 32. Kf1 e5 33. Rc6 Kf8 34. Bh4 $18) 28. Ne3 Rh5 {
and it is him who has to fight for a draw.}) 24... Nxh2+ 25. Ke1 (25. Kg1 {
would be even worse in view of} 25... Rf4 26. Rd8+ Kxd8 27. Bb6 Rxg2+ 28. Qxg2
Qxb6+ $19) 25... Rf4 26. Bd6 $6 {White was obliged to go for} (26. Rd8+ Kxd8
27. Bb6 Rxf2 28. Bxc7+ Kxc7 29. Kxf2 {although the endgame after} 29... Ng4+ {
is, of course, also lost.}) 26... Rxf2 27. Bxc7 Rgxg2 $1 28. Bxh2 (28. Rd8+ Ke7
29. Bxh2 Kxd8 {would make no difference}) 28... Rxc2 {
White resigned as he loses the house.} (28... Rxc2 29. Rac1 Rxh2 30. Rxc2 Rxc2
31. Rb1 Rh2 $19) 0-1

[Event "It"]
[Site "Dos Hermanas"]
[Date "1996.??.??"]
[Round "?"]
[White "Shirov, Alexei"]
[Black "Gelfand, Boris"]
[Result "1-0"]
[WhiteElo "2690"]
[BlackElo "2700"]
[Annotator "NN"]
[PlyCount "119"]
[EventDate "1996.??.??"]
[SourceDate "2003.04.06"]

{66/230} 1. e4 c5 2. Nf3 d6 3. d4 cxd4 4. Nxd4 Nf6 5. Nc3 a6 6. Be2 e5 7. Nb3
Be7 8. O-O O-O 9. Kh1 Qc7 10. f4 b5 11. fxe5 $146 (11. Bf3) (11. Be3) 11...
dxe5 12. Bg5 $5 Nbd7 13. Bd3 Bb7 14. Qf3 h6 15. Bd2 $1 (15. Bh4 Nb6 {/\ Nh7})
15... Nb6 $1 16. Qg3 (16. Rac1 $5) 16... Kh8 (16... Nh5 17. Qg4 (17. Qh3 $6 Nf4
18. Bxf4 exf4 $15) 17... Nf6 18. Qg3 (18. Rxf6 $2 Bxf6 19. Bxh6 Bc8 20. Qg3 Be6
$17) 18... Nh5 $11) 17. Rf5 $1 Bc8 (17... Nc4 18. Raf1 $1 Nxd2 (18... Nxb2 $2
19. Bxh6 gxh6 20. Rxf6 Bxf6 21. Rxf6 $18) 19. Nxd2 $14) (17... b4 18. Raf1 $1 (
18. Nd5 Nbxd5 19. exd5 Bxd5 $13) 18... bxc3 19. Bxh6 $1 g6 (19... gxh6 $2 20.
Rxf6 Bxf6 21. Rxf6 Kh7 22. Qh4 $18) (19... Ne8 $2 20. Bxg7+ Nxg7 21. Rxf7 Rxf7
22. Rxf7 $18) 20. Rxf6 $1 (20. bxc3 Nbd7 $1 $15) 20... Bxf6 21. Rxf6 cxb2 22.
Rf1 $44) 18. Rxe5 $1 Bd6 19. Bf4 g5 $8 20. Rc5 $1 gxf4 21. Qh4 Bxc5 22. Qxf6+
Kg8 23. Nxc5 $1 Qxc5 24. e5 $1 Bb7 $6 (24... Nd7 $1 25. Qf5 Re8 $1 (25... Rd8
26. Qh7+ Kf8 27. Qxh6+ Ke8 (27... Ke7 28. Qh4+ Ke8 29. Ne4 Qxe5 30. Re1 $18)
28. Ne4 $1 $18) 26. Qh7+ Kf8 27. Qxh6+ Ke7 28. Qg5+ (28. Be4 Nb6 $1 $13) 28...
Kf8 29. Qh6+ $11) 25. Qxh6 f5 26. exf6 Rf7 (26... Qc7 27. Qg5+ $1 Kh8 28. Re1
$18) 27. Qg6+ Kf8 28. Qh6+ Kg8 29. Rf1 $1 Re8 30. Qg6+ Kf8 31. Qh6+ Kg8 32. Bg6
$6 (32. Bh7+ Rxh7 33. Qg6+ Kf8 34. Qxh7 Bxg2+ 35. Kxg2 Qc6+ 36. Rf3 Qxf6 37.
Ne4 Qg7+ 38. Qxg7+ Kxg7 39. Rxf4 $16 Nc4 $140 40. Nc5 $1) 32... Qc4 $1 33.
Bxf7+ Qxf7 34. Qg5+ $6 (34. Qxf4 $16) 34... Kh8 35. Qh4+ Qh7 36. f7 Rf8 37.
Qxf4 (37. Qf6+ Qg7) 37... Qg6 $1 38. Rf2 Nc8 (38... Nc4 39. Ne2 $1 $16) 39. h4
$2 (39. Ne2 $1 $18) 39... Kh7 40. Kg1 $6 Qh6 $2 $138 (40... Nd6 41. Qe5 Rxf7
42. Qxd6 Qxd6 43. Rxf7+ Kg6 44. Rxb7 $11) 41. Qe5 $1 $16 Qd6 (41... Qg7 $142
42. Qc7 b4 43. Qxb7 bxc3 44. bxc3 Nd6 45. Qxa6 Nxf7 46. Qd3+ $16) 42. Qe2 $1
Kg7 (42... b4 43. Ne4 $18) 43. Qg4+ Qg6 44. Qd4+ Kh7 45. h5 $1 Qc6 (45... Qxh5
$2 46. Rf4 $18) (45... Qd6 46. Qg4 $1 Qh6 (46... Ne7 $2 47. Qg5 $18) 47. Qf5+
Kh8 {- 45...Qc6}) 46. Qd3+ (46. Qg4 Qh6 $8) 46... Kh8 47. Qf5 $1 Qh6 48. Qe5+ (
48. Nd5 $1 $16) 48... Qg7 49. Qc7 $6 (49. Qf4 $1 $16) 49... b4 50. Ne2 (50.
Qxb7 bxc3 51. bxc3 Nd6 $132) 50... Bd5 $1 51. h6 (51. Nf4 Bxf7 52. Ne6 Bxe6 53.
Qxg7+ Kxg7 54. h6+ Kg8 55. h7+ Kxh7 56. Rxf8 Kg7 $14) (51. Qc5 $1 Bxf7 52. Qxb4
$16) 51... Qg5 52. Qc5 (52. Qf4 Qxf4 53. Nxf4 Ne7 54. Nxd5 Nxd5 $13) 52... Ne7
53. Ng3 $2 (53. c4 $1 bxc3 54. Nxc3 Rxf7 55. Ne4 Qxh6 56. Rxf7 Bxf7 57. Qxe7
$16) 53... Qc1+ $4 (53... Qxg3 54. Qxe7 Qxf2+ 55. Kxf2 Rxf7+ 56. Qxf7 Bxf7 57.
a3 $11) 54. Nf1 Qg5 55. Ne3 $18 Kh7 56. Nxd5 Qxd5 57. Qxe7 Qd1+ 58. Rf1 Qd4+
59. Kh1 Kg6 60. Qe6+ 1-0

[Event "Madrid"]
[Site "?"]
[Date "1996.??.??"]
[Round "?"]
[White "Shirov, Alexei"]
[Black "Morozevich, A."]
[Result "1-0"]
[WhiteElo "2690"]
[BlackElo "2625"]
[Annotator "NN"]
[PlyCount "103"]
[EventDate "1996.??.??"]
[SourceDate "2003.04.06"]

{66/309} 1. e4 e5 2. Nf3 Nc6 3. Bb5 a6 4. Ba4 Nf6 5. O-O Be7 6. Re1 b5 7. Bb3
d6 8. c3 O-O 9. h3 Bb7 10. d4 Re8 11. Ng5 Rf8 12. Nf3 Re8 13. Nbd2 Bf8 14. a4
h6 15. Bc2 exd4 16. cxd4 Nb4 17. Bb1 c5 18. d5 Nd7 19. Ra3 g6 20. Nh2 Bg7 21.
Ndf3 Nb6 $6 (21... Nf6) 22. Ng4 $1 $146 (22. axb5 {- 62/389}) 22... Kh7 (22...
h5 $2 23. Bg5 $3 f6 24. Nh6+ Kh7 (24... Bxh6 25. Bxh6 {/\ e5+-}) 25. e5 $3 fxg5
(25... Bxh6 26. Bxf6 Qc8 27. Bxg6+ $1 $18) (25... dxe5 26. Bxg6+ $1 Kxg6 27.
Qb1+ e4 28. Rxe4 $18) 26. Nf7 Qe7 27. N3xg5+ Kg8 28. Bxg6 Bxd5 29. Qxh5 Nc4
$140 30. Rf3 Bxf3 31. Nh6+ Bxh6 32. Bf7+) (22... Nc4 $6 23. Bxh6 $16) (22...
Nxa4 23. Bxh6 $1 $40) 23. axb5 $1 (23. Qd2 Nc4 24. Qf4 Nxd5 $1 (24... Nxa3 $2
25. Nxh6 $3 Nxb1 26. Ng5+ Qxg5 27. Qxg5 Nd3 (27... Re5 28. Qh4 Rh5 29. Qe7 $18)
28. Qh4 $1 Nxe1 29. Nxf7+ Kg8 30. Ng5 Re7 31. Qh7+ Kf8 32. Qxg6 Nd3 33. Ne6+
Kg8 34. Bh6 $18) 25. exd5 Rxe1+ 26. Nxe1 Qc7 $5 (26... Nxa3 27. Qxf7 Nxb1 28.
Bxh6 Qf8 29. Qxb7 Re8 30. Nf3 Qe7 31. Ng5+ Kg8 32. Qc6 $1 $44) 27. Re3 Nxe3 28.
Bxe3 $13) 23... Bc8 $5 (23... axb5 24. Rxa8 Bxa8 25. Qd2 $1 h5 26. Nh6 $1 f6
27. Qf4 $1 Qd7 28. e5 $1 dxe5 29. Bxg6+ $1 Kxg6 30. Qe4+ f5 31. Nxf5 Bxd5 32.
N5h4+ Kf7 33. Qg6+ $16) 24. bxa6 $16 Ra7 25. b3 $5 Bxg4 26. hxg4 Kg8 27. g5 h5
28. Bd3 Qd7 29. Bf4 $5 Bb2 30. Ra5 Qd8 31. Bb5 $1 Ree7 32. Qd2 N6xd5 33. exd5
Qxa5 $6 (33... Rxe1+ 34. Qxe1 Qxa5 35. Qe8+ Kh7 36. Bxd6 Nxa6 37. Bc4 (37. Bd7
$5) 37... Bg7 38. Be7 $16) 34. Rxe7 Rxe7 35. Bxd6 Re4 $6 (35... Qa1+ 36. Kh2
Bc1 37. Qxb4 $1 cxb4 38. Bxe7 $16) 36. Qxb2 Qxb5 37. a7 $2 (37. Bf8 $1 Kxf8 38.
Qh8+ Ke7 39. a7 $18) 37... Re8 38. Qd2 (38. Bb8 $5 Rxb8 39. axb8=Q+ Qxb8 40.
Qe5 Qxe5 41. Nxe5 Nxd5 42. Nd7 $16) 38... Ra8 39. Bc7 $1 Rxa7 40. d6 Ra1+ (
40... Ra2 41. Qe1) 41. Kh2 Ra2 42. Qe1 $1 Nd5 (42... Qe2 43. Qxe2 Rxe2 44. d7
Nc6 45. Ne5 Rd2 46. Nxc6 Rxd7 47. Bf4 $3 (47. Be5 Rd3 48. Na5 Kf8 $14) 47...
Rb7 (47... Rd3 48. Na5 Kf8 49. Be3 Rc3 50. Kg3 Ke7 51. Kf4 Ke6 52. Ke4 $18) 48.
Na5 Rb5 49. Bd2 $18) (42... Ra8 43. Ne5 Nd5 (43... Re8 $2 44. Qe4 $18) 44. Qd1
$1 (44. Nxg6 Re8 45. Qd1 Nxc7 46. Qxh5 fxg6 47. Qxg6+ Kh8 $11) 44... Qb4 $3 (
44... Nxc7 $2 45. dxc7 $18) 45. Nc4 $1 (45. d7 Qf4+ 46. Kg1 h4 $1 $11) 45...
Qb7 46. Qf3 Re8 47. Ne3 $1 (47. Nb6 Re5 $132) 47... Re5 48. g3 $1 Rxg5 (48...
Rxe3 49. fxe3 Qc6 50. Qe4 $1 $18) 49. d7 Qxc7 50. Nxd5 Rxd5 51. Qxd5 Qd8 52.
Qc6 $18) (42... Re2 $5 43. Qd1 $1 $16) 43. Qe4 $1 $18 Nxc7 44. dxc7 Qd7 45. Qb7
Qd6+ 46. Kh1 Ra1+ 47. Ng1 Qd1 48. c8=Q+ Kg7 49. Kh2 $8 Qxg1+ 50. Kg3 h4+ (50...
Rf1 51. Qxc5) (50... Rd1 51. Qa6 $1 h4+ 52. Kf3) 51. Kg4 $1 Rf1 $6 (51... Qxf2
52. Qf3 Qd4+ (52... Qxf3+ 53. gxf3 Rb1 54. Qb8 $1) 53. Qf4 Qd1+ 54. Kxh4 Qe1+
55. Kh3 (55. g3 $4 Qh1+ 56. Qh3 Qa8 $3 $11) 55... Qh1+ 56. Qh2 Qe1 57. Qc6 $1
Qe3+ 58. Qf3 Qe6+ 59. g4 $1) 52. Qba8 1-0